Pacific Rim Property Research Journal (Record no. 119131)

MARC details
000 -LEADER
fixed length control field 00995cas a22002175 4500
001 - CONTROL NUMBER
control field L139817
008 - FIXED-LENGTH DATA ELEMENTS--GENERAL INFORMATION
fixed length control field 070813c2000 at qr ws 0 a0eng u
022 1# - INTERNATIONAL STANDARD SERIAL NUMBER
International Standard Serial Number 1444-8921
035 ## - SYSTEM CONTROL NUMBER
System control number (Sirsi) u139817
041 0# - LANGUAGE CODE
Language code of text/sound track or separate title eng
110 2# - MAIN ENTRY--CORPORATE NAME
Corporate name or jurisdiction name as entry element Pacific Rim Real Estate Society
9 (RLIN) 4127
245 00 - TITLE STATEMENT
Title Pacific Rim Property Research Journal
Medium [electronic resource]
260 3# - PUBLICATION, DISTRIBUTION, ETC.
Place of publication, distribution, etc. Penrith South
Name of publisher, distributor, etc. PRRES
Date of publication, distribution, etc. 1995-
362 0# - DATES OF PUBLICATION AND/OR SEQUENTIAL DESIGNATION
Dates of publication and/or sequential designation Vol 6 No 1 2000-
520 ## - SUMMARY, ETC.
Summary, etc. The official quarterly refereed journal of the Pacific Rim Real Estate Society publishes applied property research papers relating to all aspects of property in the Pacific Rim region. Papers from 2000 are available online, abstracts are available for older papers.
554 ## -
-- Two issues per year; Quarterly
-- 2001-
651 #4 - SUBJECT ADDED ENTRY--GEOGRAPHIC NAME
Geographic name Asia
690 ## - LOCAL SUBJECT ADDED ENTRY--TOPICAL TERM (OCLC, RLIN)
Topical term or geographic name as entry element PROPERTY-COMMERCIAL PROPERTY
856 40 - ELECTRONIC LOCATION AND ACCESS
Uniform Resource Identifier <a href="https://www.prres.net/index.htm?http://www.prres.net/Journals/Research_Journal.htm">https://www.prres.net/index.htm?http://www.prres.net/Journals/Research_Journal.htm</a>
Public note View the online journal free of charge at www.prres.net...
942 ## - ADDED ENTRY ELEMENTS (KOHA)
Suppress in OPAC 0
Holdings
Withdrawn status Lost status Source of classification or shelving scheme Damaged status Not for loan Home library Current library Shelving location Date acquired Total Checkouts Full call number Barcode Date last seen Price effective from Koha item type
    Dewey Decimal Classification     Virtual Virtual Online 13/08/2007   ONLINE PUBLICATION 139817-2001 06/08/2019 06/08/2019 Journal